01144nac a22002891i 4500003000900000005001700009008004100026020001500067020001800082040004300100082002000143100004500163245007100208250002800279264004900307300002300356336002600379337002800405338002700433650003500460651001000495655001700505942001200522999001500534952014500549952016000694EG-ScBUE20241015103258.0171204s2004 ii f 000 0 eng d a8121908922 a9788121908924 aEG-ScBUEbengerdacEG-ScBUEdEG-ScBUE04a515.35bRAI2221 aRaisinghania, M. D., eauthor. aOrdinary and Partial Differential Equations /cM. D. Raisinghania. aEighth revised edition. 1aNew Delhi :bS. Chand & Company Ltd.,c2004. a370 pages ;c24 cm 2rdacontentatextbtxt aunmediated2rdamediabn avolumebnc2rdacarrier 7aDifferential equations.2BUEsh 2BUEsh vReading book cBB2ddc c1254d1254 00102ddc40708BaccahaMAINbMAINc1STd2006-08-29ePurchaseg90.00l1o515.35 RAIp000003226r2025-07-15 00:00:00v112.50w2006-08-29yBB 00102ddc40708BaccahaMAINbMAINc1STd2006-08-29ePurchaseg90.00l1m2o515.35 RAIp000003225r2025-07-15 00:00:00s2022-02-22v112.50w2006-08-29yBB